| 000 | 00616nam a22002057a 4500 | ||
|---|---|---|---|
| 003 | OSt | ||
| 005 | 20170317090058.0 | ||
| 008 | 130920t xxu||||| |||| 00| 0 eng d | ||
| 020 | _a9812552073 | ||
| 050 |
_aTR 428 _bIs7 2005 |
||
| 082 |
_aGS 428 _bIs7-5 2005 |
||
| 100 |
_aIsrael, Lana _921185 |
||
| 245 |
_aEnglish review : _benglish revision papers for primary levels 5 / |
||
| 260 |
_aSingapore : _bSingapore Asian Publications, _c2005. |
||
| 300 |
_a124 p. : _bill. ; _c26 cm. |
||
| 650 |
_aEnglish language _xStudy and teaching _921186 |
||
| 650 |
_aReviewer. _91244 |
||
| 942 |
_2ddc _cBK |
||
| 999 |
_c11853 _d11853 |
||